Country to city but it gets increasingly harder 4. - Statistics

General Stats
  • This quiz has been taken 41 times
  • The average score is 9 of 12
Answer Stats
city country % Correct
Vienna Austria
100%
Osaka Japan
100%
London United Kingdom
100%
Addis Abeba Ethiopia
97%
Sucre Bolivia
95%
Zaragoza Spain
89%
Trondheim Norway
82%
Port Louis Mauritius
66%
Yaren Nauru
66%
Apeldoorn Netherlands
63%
Manama Bahrain
47%
Walvisbaai Namibia
42%
No matching quizzes found
Score Distribution
Percent of People with Each Score
Percentile by Number Answered
Your Score History
You have not taken this quiz